00553nam a22002057a 4500003000400000008004100004020001800045082001600063100001800079245006600097250001600163260003200179300002700211365001800238650002200256650001800278650001400296650002500310650001200335OSt260629b |||||||| |||| 00| 0 eng d a9781337557566 a641.3bB87U aBrown, Amy C. aUnderstading Food:bPrinciples and PreparationcBrown, Amy C. a6th edition aUSAbCengage learningc2019 axxvii., 585p. Index-19 e34379.00, INR aFood preparation. aFood science. aNutrition aFood $x Composition. aCooking